| 000 | 00814nam a2200217Ia 4500 | ||
|---|---|---|---|
| 008 | 191130s2003##################000#0#eng## | ||
| 020 | _a9788125024569 | ||
| 040 |
_aACL _cACL |
||
| 082 | _a338.542095 MAN | ||
| 100 | _aManikumar, K. A | ||
| 245 |
_aA colonial economy in the great depression, Madras (1929-1937) _cK.A. Manikumar |
||
| 260 |
_aChennai _bOrient Longman _c2003 |
||
| 300 | _axii, 226 p. ; 22 cm | ||
| 500 | _aOriginally presented as the author's thesis (Ph. D.--University of Madras, 1989). Includes bibliographical references (p. 211-221) and index | ||
| 650 | _aDepressions - 1929 - India - Madras (Presidency) | ||
| 650 | _aEconomics | ||
| 650 | _aMadras (India : Presidency) - Economic conditions | ||
| 990 | _a75e5b5b2ac10000c66e1449b6693704b | ||
| 991 | _a188718 | ||
| 999 |
_c339905 _d339905 |
||